书目信息 |
| 题名: |
Net Ware 5网络管理及应用
|
|
| 作者: | 李辉 编著 | |
| 分册: | ||
| 出版信息: | 北京 清华大学出版社 2000.03 |
|
| 页数: | 330页 | |
| 开本: | 16开 | |
| 丛书名: | ||
| 单 册: | ||
| 中图分类: | TP393.07 | |
| 科图分类: | ||
| 主题词: | 计算机应用 | |
| 电子资源: | ||
| ISBN: | 7-302-00897-3 | |
| 000 | 00578nam0 2200193 45 | |
| 001 | 0104121088 | |
| 005 | 20010412105813.0 | |
| 010 | @a7-302-00897-3@d32.00元 | |
| 100 | @a20010412d km y0chiy0120 ea | |
| 101 | 0 | @achi |
| 105 | @a z 000yy | |
| 200 | 1 | @aNet Ware 5网络管理及应用@ANet Ware 5 Wang Luo Guan Li Ji Ying Yong@f李辉等编著@FLi Hui Deng Bian Zhu |
| 210 | @a北京@c清华大学出版社@d2000.03 | |
| 215 | @a330页@d16开 | |
| 606 | 0 | @a计算机应用 |
| 690 | @aTP393.07@v3 | |
| 701 | 0 | @a李辉@4编著 |
| 801 | @aCN@bPftUser@c20010412 | |
| 905 | @b337850-851@dTP393.07@eL.684@f2 | |
| Net Ware 5网络管理及应用/李辉等编著.-北京:清华大学出版社,2000.03 |
| 330页;16开 |
| ISBN 7-302-00897-3:32.00元 |
| ● |
| 相关链接 |
|
|
|
正题名:Net Ware 5网络管理及应用
索取号:TP393.07/L.684
 
预约/预借
| 序号 | 登录号 | 条形码 | 馆藏地/架位号 | 状态 | 备注 |
| 1 | 337850 | 203378503 | 自科库301/301自科库 121排1列1层/ [索取号:TP393.07/L.684] | 在馆 | |
| 2 | 337851 | 203378512 | 自科库301/301自科库 121排1列1层/ [索取号:TP393.07/L.684] | 在馆 |